Virtualization: (Record no. 321744)

MARC details
000 -LEADER
fixed length control field 00430nam a2200157Ia 4500
008 - FIXED-LENGTH DATA ELEMENTS--GENERAL INFORMATION
fixed length control field 230718s9999 xx 000 0 und d
041 ## - LANGUAGE CODE
Language code of text/sound track or separate title eng
082 ## - DEWEY DECIMAL CLASSIFICATION NUMBER
Classification number 005.4'3
Item number RUE
100 ## - MAIN ENTRY--PERSONAL NAME
Personal name Ruest D.
245 ## - TITLE STATEMENT
Title Virtualization:
Remainder of title A Biginner's Guide
260 ## - PUBLICATION, DISTRIBUTION, ETC. (IMPRINT)
Date of publication, distribution, etc. 2009
Name of publisher, distributor, etc. Tata Mc-Graw Hill
300 ## - PHYSICAL DESCRIPTION
Extent 442
365 ## - TRADE PRICE
Currency code Rs.
Price amount 550.00
700 ## - ADDED ENTRY--PERSONAL NAME
Personal name Ruest D. & Ruest N.
9 (RLIN) 189981
906 ## - LOCAL DATA ELEMENT F, LDF (RLIN)
d O:0017323-Jul-2009B:59223-Jun-2009
c COMP
b 110
Holdings
Withdrawn status Lost status Damaged status Not for loan Home library Current library Date acquired Vendor Budget Code Cost, normal purchase price Bill number Total Checkouts Full call number Barcode Date last seen Discount Cost, replacement price Bill Date Koha item type Original Barcode
        Cummins College of Engineering for Women Pune Cummins College of Engineering for Women Pune 23/07/2009 Tbs COMP 440.00 592   005.4'3 CCEP-BK-32951 18/07/2023 110 550.00 23/06/2009 Books 032951